01114nam a2200241 a 450000100060000000300090000600800410001502000150005604000280007108200170009910000310011624501510014726000230029830000100032150502370033165000230056865000290059165000390062065000320065994200120069199900170070395201520072022736CO-ViMGA141112s2004 ck r 000 u spa d a9589603702 aCO-ViMGAbspacCO-ViMGA04a341.51 Z171a1 aZarate, Luis Carlos93242910aEl asilo en el derecho internacional Américano : bcon un apendice de la corte internacional de justicia y anexos de la cancilleria de colombia aColombia : bLeyer a418p. aEl origen del derecho de asilo, Trayectoria del derecho de asilo a traves de congresos y conferencias internacionales, El fallo de la corte internacional de justicia un triunfo moral de colombia, critica a la sentencia de la corte14aDELITOS POLITICOS 14aDERECHO DE ASILO 93243014aDERECHO DE ASILO - COLOMBIA93243114aREFUGIOS POLITICOS 932432 2ddccBK c31034d31034 00102ddc40708002aMEVIECARbMEVIECARd2015-12-04hVolumen. 1 | 13/oct/2009l0o341.51 Z171a p22736r2015-12-04 00:00:00tEj. 1w2015-12-04yBK